[Event "DOM-ch"]
[Site "Santo Domingo"]
[Date "2019.05.03"]
[Round "5"]
[White "Peralta Moore, Juan Antonio"]
[Black "Mesa Cruz, Juan Carlos"]
[Result "0-1"]
[WhiteElo "1978"]
[BlackElo "1781"]
[PlyCount "72"]
[EventDate "2019.04.26"]
[EventType "swiss"]
[EventRounds "11"]
[EventCountry "DOM"]
[SourceTitle "CBM 190 Extra"]
[Source "ChessBase"]
[SourceDate "2019.07.15"]
[SourceVersion "1"]
[SourceVersionDate "2019.07.15"]
[SourceQuality "1"]

1. d4 Nf6 2. Bf4 e6 3. e3 d5 4. Nd2 c5 5. c3 Nc6 6. Bd3 Be7 7. h3 0-0 8. Ngf3 Re8 9. 0-0 h6 10. Ne5 Bd6 11. Bg3 Bxe5 12. dxe5 Nh7 13. Qc2 Nf8 14. f4 b6 15. Nf3 Bb7 16. Bh4 Qc8 17. g4 Ba6 18. Bg3 Qb7 19. Rf2 Rac8 20. Raf1 d4 21. exd4 cxd4 22. Qe2 Bxd3 23. Qxd3 dxc3 24. bxc3 Nd7 25. f5 exf5 26. Qxf5 Ne7 27. Qh5 Ng6 28. g5 Rxc3 29. gxh6 gxh6 30. Kh2 Qe4 31. Ng5 hxg5 32. Qxg5 Ndxe5 33. Qh5 Rc2 34. Rxc2 Qxc2+ 35. Rf2 Qe4 36. Bh4 Ng4+ 0-1

[Event "DOM-ch"]
[Site "Santo Domingo"]
[Date "2019.04.27"]
[Round "2"]
[White "Camacho Campusano, David Daniel"]
[Black "Peralta Moore, Juan Antonio"]
[Result "1-0"]
[WhiteElo "2147"]
[BlackElo "1978"]
[PlyCount "97"]
[EventDate "2019.04.26"]
[EventType "swiss"]
[EventRounds "11"]
[EventCountry "DOM"]
[SourceTitle "CBM 190 Extra"]
[Source "ChessBase"]
[SourceDate "2019.07.15"]
[SourceVersion "1"]
[SourceVersionDate "2019.07.15"]
[SourceQuality "1"]

1. e4 e6 2. d3 d5 3. Nd2 c5 4. Ngf3 Nc6 5. g3 Nf6 6. Bg2 Be7 7. 0-0 0-0 8. Re1 Qc7 9. c3 b5 10. e5 Nd7 11. Qe2 c4 12. d4 b4 13. Nf1 Re8 14. h4 f6 15. Bf4 fxe5 16. Nxe5 Ndxe5 17. Bxe5 Nxe5 18. Qxe5 Bd6 19. Qh5 Bd7 20. Ne3 Bc6 21. Re2 Re7 22. Rae1 Be8 23. Qg5 h6 24. Nxd5 hxg5 25. Nxc7 Rb8 26. Nxe8 Rbxe8 27. hxg5 e5 28. Bd5+ Kf8 29. dxe5 Rxe5 30. Rxe5 Rxe5 31. Rxe5 Bxe5 32. cxb4 Bxb2 33. Bxc4 Ke7 34. f4 Kd6 35. Kf2 Bc3 36. a3 Bb2 37. a4 Bc3 38. b5 Kc5 39. Bf7 Kd6 40. Kf3 Ke7 41. Bb3 Kd6 42. Ke4 Be1 43. g4 Bd2 44. g6 Ke7 45. f5 Bg5 46. Kd5 Kd7 47. a5 Bd8 48. b6 axb6 49. a6 1-0

[Event "Santo Domingo Duarte Memorial 8th"]
[Site "Santo Domingo"]
[Date "2019.01.26"]
[Round "6"]
[White "Jaquez, Juan Manuel"]
[Black "Peralta Moore, Juan Antonio"]
[Result "1-0"]
[WhiteElo "2218"]
[BlackElo "1980"]
[PlyCount "39"]
[EventDate "2019.01.18"]
[EventType "swiss"]
[EventRounds "8"]
[EventCountry "DOM"]
[SourceTitle "CBM 188 Extra"]
[Source "ChessBase"]
[SourceDate "2019.02.26"]
[SourceVersion "1"]
[SourceVersionDate "2019.02.26"]
[SourceQuality "1"]

1. e4 e6 2. d4 d5 3. Nd2 c5 4. exd5 Qxd5 5. Ngf3 cxd4 6. Bc4 Qd7 7. 0-0 Nf6 8. Nb3 Nc6 9. Bf4 Bd6 10. Bg3 Bxg3 11. hxg3 a6 12. a4 b6 13. Qe2 0-0 14. Rfd1 Qc7 15. Nbxd4 Nxd4 16. Rxd4 Rd8 17. Rxd8+ Qxd8 18. Rd1 Qc7 19. Qe5 Qxe5 20. Rd8+ 1-0